MOL CSOPORT VÁLLALATÉRTÉKELÉSE

Bibliográfiai részletek
Szerző: Horváth Zoltán
További közreműködők: Harsányi Dr. Gergely
Dokumentumtípus: Diplomadolgozat
Kulcsszavak:Vállalatértékelés
DCF modell
A VÁLLALAT BEMUTATÁSA
Online Access:http://dolgozattar.uni-bge.hu/21071

MARC

LEADER 00000nta a2200000 i 4500
001 dolg21071
005 20190514165336.0
008 190514suuuu hu om 000 hun d
040 |a BGE Dolgozattár Repozitórium  |b hun 
041 |a hu 
100 1 |a Horváth Zoltán 
245 1 0 |a MOL CSOPORT VÁLLALATÉRTÉKELÉSE  |c Horváth Zoltán  |h [elektronikus dokumentum] 
695 |a Vállalatértékelés 
695 |a DCF modell 
695 |a A VÁLLALAT BEMUTATÁSA 
700 1 |a Harsányi Dr. Gergely  |e ths 
856 4 0 |u http://dolgozattar.uni-bge.hu/21071/1/Horv%C3%A1th%20Zolt%C3%A1n%20MOL%20CSOPORT%20V%C3%81LLALAT%C3%89RT%C3%89KEL%C3%89SE.pdf  |z Dokumentum-elérés